[Event "Cupa ULIM"]
[Site "Kishinev MDA"]
[Date "2005.10.14"]
[Round "7"]
[White "Bets,A"]
[Black "Khruschiov,A"]
[Result "1/2-1/2"]
[WhiteElo "2370"]
[BlackElo "2410"]

1.d4 d5 2.c4 e6 3.Nf3 Nf6 4.Nc3 Be7 5.Bf4 O-O 6.e3 Nbd7 7.c5 Nh5 8.Bd3 c6
9.b4 f6 10.Bg3 g6 11.O-O Nxg3 12.hxg3 e5 13.e4 dxe4 14.Bxe4 f5 15.Bc2 e4
16.Bb3+ Kg7 17.Nd2 Nf6 18.Nc4 Be6 19.Na5 Bxb3 20.Qxb3 Qxd4 21.Rad1 Qe5 22.Nxb7 Rab8
23.Na5 Bxc5 24.Nxc6  1/2-1/2

[Event "Chigorin Mem"]
[Site "St Petersburg RUS"]
[Date "2005.10.15"]
[Round "1"]
[White "Vlasenko,M"]
[Black "Goganov,A"]
[Result "1/2-1/2"]
[WhiteElo "2406"]
[BlackElo "2118"]

1.d4 d5 2.c4 e6 3.Nc3 Be7 4.Nf3 Nf6 5.Bf4 O-O 6.e3 c5 7.dxc5 Bxc5 8.cxd5 exd5
9.a3 Bg4 10.Be2 Nc6 11.Rc1 Be7 12.O-O Rc8 13.h3 Be6 14.Ne5 Bd6 15.Nxc6 bxc6
16.Bxd6 Qxd6 17.b4 a5 18.Qd4 axb4 19.axb4 Rb8 20.Rb1 Bf5 21.Rb2 Rfe8 22.Rc1 Re7
23.Bf3 Reb7 24.b5 Rb6 25.Rd2 cxb5 26.e4 Qa3 27.Rcd1 dxe4 28.Qe5 Qf8 29.Be2 Be6  1/2-1/2

[Event "Autumn 5"]
[Site "Alushta UKR"]
[Date "2005.10.16"]
[Round "12"]
[White "Shtyrenkov,V"]
[Black "Birjukov,S"]
[Result "1-0"]
[WhiteElo "2469"]
[BlackElo "2318"]

1.d4 d5 2.Nf3 Nf6 3.c4 e6 4.Nc3 Be7 5.Bf4 O-O 6.e3 c6 7.Qc2 Nbd7 8.O-O-O a6
9.Kb1 b5 10.c5 a5 11.h3 a4 12.a3 Qa5 13.Na2 Ne4 14.Bd3 f5 15.Nb4 Bb7 16.Ne5 Nxe5
17.Bxe5 Bf6 18.f3 Ng5 19.Bxf6 Rxf6 20.h4 Nf7 21.e4 Nh6 22.exd5 exd5 23.Rde1 Raf8
24.Re7 Bc8 25.g3 Kh8 26.Rhe1 Ng8 27.R7e5 Qc7 28.Qd2 Qf7 29.Bc2 Bd7 30.Nd3 Re6
31.Rxe6 Bxe6 32.Qf4 Re8 33.Qd6 Qd7 34.Nf4 Qxd6 35.cxd6 Bd7 36.Rxe8 Bxe8 37.Bxf5 Nf6
38.Nd3  1-0

[Event "SCG First League m"]
[Site "Vrnjacka Banja SCG"]
[Date "2005.10.17"]
[Round "1"]
[White "Antic,De"]
[Black "Lekic,D"]
[Result "1-0"]
[WhiteElo "2519"]
[BlackElo "2352"]

1.d4 Nf6 2.c4 e6 3.Nf3 d5 4.Nc3 Be7 5.Bf4 O-O 6.e3 Nbd7 7.c5 c6 8.h3 b6 9.b4 a5
10.a3 Ba6 11.Bxa6 Rxa6 12.O-O Qc8 13.Rb1 Qb7 14.Qc2 axb4 15.axb4 b5 16.Nd2 Rfa8
17.Nb3 Bd8 18.Qb2 Ne4 19.Nxe4 dxe4 20.Ra1 h6 21.Rxa6 Rxa6 22.Nd2 Nf6 23.Be5 Nd5
24.Nxe4 Ra4 25.Nd6 Qd7 26.e4 Nxb4 27.Qe2 f6 28.Bf4 Bc7 29.Rb1 Na6 30.Rd1 Qe7
31.Qh5 Kh7 32.Rd3 g5 33.Bxg5 Ra1+ 34.Kh2 Qg7 35.Bxf6 Qg6 36.Qh4  1-0

[Event "Chigorin Mem"]
[Site "St Petersburg RUS"]
[Date "2005.10.19"]
[Round "5"]
[White "Vunder,A"]
[Black "Goganov,A"]
[Result "1/2-1/2"]
[WhiteElo "2252"]
[BlackElo "2118"]

1.d4 d5 2.Nf3 e6 3.c4 Nf6 4.Nc3 Be7 5.Bf4 O-O 6.e3 c5 7.dxc5 Bxc5 8.cxd5 exd5
9.Be2 Be6 10.O-O Nc6 11.Rc1 Be7 12.Ne5 Qa5 13.Qa4 Qb6 14.Nxc6 bxc6 15.Qc2 c5
16.Rfd1 Rac8 17.Be5 Rfd8 18.b3 c4 19.Bd4 Qa5 20.Bf3 Rd7 21.bxc4 Rxc4 22.Be2 Rc8
23.Qa4 Qxa4 24.Nxa4 Rdc7 25.Rxc7 Rxc7 26.Nc3 Ne4 27.Nb5  1/2-1/2

[Event "SCG First League m"]
[Site "Vrnjacka Banja SCG"]
[Date "2005.10.19"]
[Round "3"]
[White "Antic,De"]
[Black "Radulski,J"]
[Result "1/2-1/2"]
[WhiteElo "2519"]
[BlackElo "2521"]

1.d4 d5 2.c4 e6 3.Nc3 Nf6 4.Nf3 Be7 5.Bf4 O-O 6.e3 c5 7.dxc5 Bxc5 8.Qc2 Nc6
9.Be2 Nb4 10.Qb3 dxc4 11.Bxc4 Nd3+ 12.Bxd3 Qxd3 13.Ne5 Qa6  1/2-1/2

[Event "Bundesliga 2005-6"]
[Site "Eppingen GER"]
[Date "2005.10.22"]
[Round "1"]
[White "Graf,A"]
[Black "Boensch,U"]
[Result "1/2-1/2"]
[WhiteElo "2613"]
[BlackElo "2547"]

1.d4 d5 2.c4 e6 3.Nc3 Nf6 4.Nf3 Be7 5.Bf4 O-O 6.e3 b6 7.cxd5 Nxd5 8.Nxd5 Qxd5
9.Bd3 Qa5+ 10.Kf1 Ba6 11.Bxc7 Bxd3+ 12.Qxd3 Na6 13.Bg3 Nb4 14.Qb3 Rfc8 15.h3 Rc2
16.Ne1 Rc6 17.Kg1 h5 18.Nf3 Qf5 19.Kh2 Rac8 20.a3 Nd5 21.Rhe1 Nf6 22.Rad1 Qd5
23.Qxd5 exd5 24.Ne5 Rc2 25.Nd3 Ne4 26.h4 g5 27.hxg5 Bxg5 28.f3 Nd2 29.Kh3 Nc4
30.Bf4 Bxf4 31.Nxf4 Nxb2 32.Ra1 Kf8 33.Nxd5 Nd3 34.Reb1 Rd8 35.Nf6 Re2 36.Nxh5 Rxe3
37.Ng3 Nf4+ 38.Kh2 Ne6 39.Nf5 Re2 40.Rb5 Nxd4  1/2-1/2

[Event "5th Rohde Open"]
[Site "Sautron FRA"]
[Date "2005.10.23"]
[Round "2"]
[White "Maiorov,N"]
[Black "Delaunay,S"]
[Result "1-0"]
[WhiteElo "2492"]
[BlackElo "2355"]

1.d4 d5 2.c4 e6 3.Nf3 Nf6 4.Nc3 Be7 5.Bf4 O-O 6.e3 a6 7.cxd5 exd5 8.Qc2 Be6
9.Be2 Nbd7 10.Rc1 h6 11.a3 Rc8 12.O-O Re8 13.Rfd1 c6 14.h3 Bf8 15.Bd3 b5
16.Qb1 Nb6 17.Ne2 c5 18.dxc5 Rxc5 19.Rxc5 Bxc5 20.Be5 Nbd7 21.Bd4 Bd6 22.Rc1 Qa8
23.Qc2 Ne4 24.Nf4 Bxf4 25.exf4 Ndf6 26.Qc6 Qxc6 27.Rxc6 Bc8 28.Ne5 Nd2 29.Bc2 Nh5
30.Be3 Nc4 31.g4 Nf6 32.Bd4 h5 33.f3 hxg4 34.hxg4 Nh7 35.Nxf7 Kxf7 36.Bg6+  1-0

[Event "5th Rohde Open"]
[Site "Sautron FRA"]
[Date "2005.10.23"]
[Round "2"]
[White "Gerard,N"]
[Black "Thibaud,C"]
[Result "1-0"]
[WhiteElo "2286"]
[BlackElo "2008"]

1.d4 d5 2.c4 e6 3.Nc3 Be7 4.Nf3 Nf6 5.Bf4 O-O 6.e3 b6 7.cxd5 Nxd5 8.Nxd5 exd5
9.Bd3 c5 10.O-O Bb7 11.Ne5 Nd7 12.Rc1 Nf6 13.Qe2 a6 14.Rfd1 Re8 15.Bb1 Rc8
16.Bf5 Ra8 17.Qf3 g6 18.Bb1 Kg7 19.Bh6+ Kg8 20.g4 Bd6 21.Bg5 Re6 22.Nd3 c4
23.Nf4 Bxf4 24.exf4 b5 25.f5 Rb6 26.Re1 Qd6 27.Bxf6 Qxf6 28.Re5 b4 29.Qe3 Bc6
30.g5 Qd6 31.f6 Bd7 32.Qg3 Be6 33.Rce1 Rc8 34.Bc2 a5 35.R1e3 Qf8 36.f4 Ra6
37.f5 Bxf5 38.Rxf5 gxf5 39.Bxf5 Re8 40.Qh4 h6 41.Rg3 Ree6 42.gxh6+ Kh8  1-0

[Event "2nd Rapid"]
[Site "D'Ajaccio FRA"]
[Date "2005.10.27"]
[Round "9"]
[White "Tregubov,P"]
[Black "Korneev,O"]
[Result "1/2-1/2"]
[WhiteElo "2583"]
[BlackElo "2601"]

1.d4 d5 2.c4 e6 3.Nf3 Nf6 4.Nc3 Be7 5.Bf4 O-O 6.e3 c5 7.dxc5 Bxc5 8.Be2 dxc4
9.Bxc4 Qxd1+ 10.Rxd1 Bb4 11.O-O Bxc3 12.bxc3 b6 13.Bd6 Re8 14.Bb5 Bd7 15.c4 a6
16.Bxd7 Nbxd7 17.Ne5 Nxe5 18.Bxe5 Rec8 19.Bxf6 gxf6 20.Rd4 b5 21.cxb5 axb5
22.Rd2 f5 23.g3 Kg7 24.Rb1 Rc5 25.Rb4 h5 26.Kg2 Kg6 27.e4 fxe4 28.Rxe4 Rc3
29.Rb4 Rca3 30.Rxb5 Rxa2 31.Rxa2 Rxa2 32.h4 f6 33.Rb8 Ra3 34.Rg8+ Kf7 35.Rh8 Kg6
36.f3 Ra2+ 37.Kh3 Rf2 38.f4 e5 39.fxe5 fxe5 40.Rg8+ Kh6 41.g4 hxg4+ 42.Rxg4 Rf3+
43.Kg2 Rf4 44.Rxf4  1/2-1/2

[Event "Essent Open"]
[Site "Hoogeveen NED"]
[Date "2005.10.27"]
[Round "7"]
[White "Kulago,A"]
[Black "Van Ruitenburg,J"]
[Result "0-1"]
[WhiteElo "2103"]
[BlackElo "2216"]

1.Nf3 d5 2.d4 Nf6 3.c4 e6 4.Nc3 Be7 5.Bf4 O-O 6.e3 a6 7.c5 Nh5 8.Bd3 b6 9.b4 Nc6
10.a3 g6 11.O-O f5 12.Ne5 Qe8 13.Nxc6 Qxc6 14.b5 Qe8 15.Bxc7 bxc5 16.dxc5 axb5
17.Bb6 Ba6 18.Qb3 Qc6 19.Rfc1 Bxc5 20.Nxd5 Qxd5 21.Qxd5 exd5 22.Bxc5 Rfc8
23.Bd4 Ng7 24.Rab1 Ne6 25.Be5 Ng5 26.h4 Ne4 27.Rxc8+ Rxc8 28.Bxb5 Bxb5 29.Rxb5 Rc1+
30.Kh2 Nxf2 31.Bd4 Rh1+ 32.Kg3 Ne4+ 33.Kf4 Rxh4+ 34.Ke5 Rg4 35.a4 Rxg2 36.Rb2 Rxb2
37.Bxb2 Nc5 38.a5 Kf7 39.Kxd5 Na6 40.Kc6 Ke7 41.Be5 Kd8 42.Kb6 Nb4 43.Bd6 Kc8
44.Bxb4 Kb8 45.Bf8 g5 46.Be7 h6 47.Bf8 h5 48.Bh6 f4 49.e4 f3  0-1

[Event "10th Governors Cup"]
[Site "Sioux Falls USA"]
[Date "2005.10.28"]
[Round "1"]
[White "Simutowe,A"]
[Black "Turmo,S"]
[Result "1-0"]
[WhiteElo "2458"]
[BlackElo "2076"]

1.d4 Nf6 2.c4 e6 3.Nc3 d5 4.Nf3 Be7 5.Bf4 O-O 6.e3 a6 7.c5 b6 8.b4 bxc5 9.bxc5 Nc6
10.h3 a5 11.Bb5 Bd7 12.O-O Ne4 13.Nxe4 dxe4 14.Nd2 f5 15.Qa4 Nb8 16.Bxd7 Nxd7
17.Qc6 e5 18.Qe6+ Kh8 19.Bxe5 Nxe5 20.Qxe5 Ra6 21.Rad1 Qd7 22.f3 Bg5 23.Nc4 Re8
24.Qg3 Rg6 25.fxe4 Bf6 26.Qf4 Qa4 27.exf5  1-0

[Event "Autumn Open"]
[Site "St Petersburg RUS"]
[Date "2005.10.29"]
[Round "1"]
[White "Pankov,Ger"]
[Black "Kostrov,Y"]
[Result "1-0"]
[WhiteElo "2270"]
[BlackElo "2023"]

1.d4 d5 2.c4 e6 3.Nc3 Nf6 4.Nf3 Be7 5.Bf4 O-O 6.e3 b6 7.cxd5 Nxd5 8.Nxd5 exd5
9.Bd3 c5 10.O-O Be6 11.Ne5 cxd4 12.exd4 Bf6 13.Rc1 Bxe5 14.dxe5 Nd7 15.Qh5 f5
16.exf6 Nxf6 17.Qe5 Bf7 18.Rc7 Re8 19.Qd4 Re7 20.Rfc1 Rxc7 21.Rxc7 Ne8 22.Bxh7+ Kxh7
23.Rxf7 Nf6 24.Qd3+ Kg8 25.Qg6 Nh5 26.Be5  1-0

[Event "9th Bavarian Open"]
[Site "Bad Wiessee GER"]
[Date "2005.10.30"]
[Round "2"]
[White "Bromberger,S"]
[Black "Weidlich,G"]
[Result "1/2-1/2"]
[WhiteElo "2478"]
[BlackElo "2163"]

1.Nf3 d5 2.d4 Nf6 3.c4 e6 4.Nc3 Be7 5.Bf4 O-O 6.e3 a6 7.c5 Nbd7 8.Bd3 Nh5
9.Qc2 f5 10.b4 g5 11.Bg3 g4 12.Ng1 Nxg3 13.hxg3 c6 14.Nge2 Bg5 15.Nf4 Nf6
16.f3 Qe7 17.Nce2 e5 18.dxe5 Qxe5 19.Kf2 Ne4+ 20.fxe4 fxe4 21.Bxe4 dxe4 22.Rad1 Bf5
23.Nd4 Rae8 24.Qc4+ Be6 25.Nxe6 Qxe6 26.Qxe6+ Rxe6 27.Rd7 Re7 28.Rhd1 Rxd7
29.Rxd7 Rf7 30.Rd4 Re7 31.Rd8+ Kf7 32.Ke2 Re8 33.Rd7+ Re7 34.Rd8 Re8 35.Rd7+ Re7
36.Rd6 Bf6 37.Kd2 Re8 38.Kc2 Rd8 39.Re6 Re8 40.Rd6 Rd8 41.Re6  1/2-1/2

[Event "Autumn Open"]
[Site "St Petersburg RUS"]
[Date "2005.10.31"]
[Round "3"]
[White "Slesarev,S2"]
[Black "Zacurdajev,D"]
[Result "0-1"]
[WhiteElo "2031"]
[BlackElo "2249"]

1.d4 d5 2.Nf3 e6 3.c4 Be7 4.Nc3 Nf6 5.Bf4 O-O 6.e3 c5 7.Bd3 cxd4 8.exd4 dxc4
9.Bxc4 b6 10.O-O Bb7 11.Qe2 Nc6 12.Rad1 Nb4 13.Bb3 Rc8 14.Rfe1 Ba6 15.Nb5 Nbd5
16.Bd2 Bd6 17.Ne5 Bb8 18.a4 Bb7 19.Nc3 Nxc3 20.Bxc3 Nd5 21.Bd2 Qh4 22.Qg4 Qxg4
23.Nxg4 Bd6 24.Ne5 Rfd8 25.Nd3 Ne7 26.Bg5 h6 27.Bd2 Nf5 28.Bc3 Nh4 29.f3 Ng6
30.Kf2 Nf4 31.Nxf4 Bxf4 32.g3 Bg5 33.f4 Bf6 34.Ke3 g5 35.Rg1 a5 36.h4 g4
37.h5 Bd5 38.Bc2 Bf3 39.Rd2 Rd5 40.Rh2 Rcd8 41.Rd2 Rxh5 42.Bb3 Rf5 43.Rh2 h5
44.Bc2 Rfd5 45.Bb3 Rxd4 46.Bc2 Bg7 47.Rxh5 Rd2 48.Bh7+ Kf8 49.f5 Re2+ 50.Kf4 e5+
51.Kg5 f6+  0-1

[Event "9th Bavarian Open"]
[Site "Bad Wiessee GER"]
[Date "2005.11.02"]
[Round "5"]
[White "Khenkin,I"]
[Black "Stabolewski,A"]
[Result "1-0"]
[WhiteElo "2603"]
[BlackElo "2219"]

1.d4 d5 2.c4 e6 3.Nf3 Nf6 4.Nc3 Be7 5.Bf4 O-O 6.e3 c5 7.dxc5 Bxc5 8.Qc2 Nc6
9.a3 Qa5 10.Nd2 Be7 11.Bg3 Bd7 12.Be2 Rfc8 13.O-O Qd8 14.Qd3 Na5 15.cxd5 exd5
16.b4 Nc6 17.Nxd5 Nxd5 18.Qxd5 Bf6 19.Rad1 Ne7 20.Qxb7 Ba4 21.Ne4 Bxd1 22.Nxf6+ gxf6
23.Rxd1 Qe8 24.Bf3 Nc6 25.Qa6 Rd8 26.Rc1 Rac8 27.Bg4 Nxb4 28.Qxc8  1-0

[Event "25th An FMA"]
[Site "Madrid ESP"]
[Date "2005.11.02"]
[Round "7"]
[White "Cruz,A BOL"]
[Black "Roa Alonso,S"]
[Result "0-1"]
[WhiteElo "2306"]
[BlackElo "2364"]

1.d4 d5 2.Nf3 Nf6 3.c4 e6 4.Nc3 Be7 5.Bf4 O-O 6.e3 c5 7.Be2 dxc4 8.Bxc4 Nc6
9.O-O cxd4 10.exd4 b6 11.a3 Bb7 12.Ba2 Rc8 13.Re1 Na5 14.Ne5 Nd5 15.Bd2 Nxc3
16.Bxc3 Bd5 17.Bxa5 bxa5 18.Bb1 Rb8 19.Qh5 f5 20.Qe2 Bf6 21.Nc6 Bxc6 22.Qxe6+ Kh8
23.Qxc6 Bxd4 24.Ra2 Rb6 25.Qa4 Qh4 26.b3 Rh6 27.h3 Qf4 28.Qb5 Rd6 29.Qxa5 g6
30.Rae2 Rf7 31.Qb5 Kg7 32.Qc4 Rdd7 33.b4 Bxf2+ 34.Rxf2 Qxc4 35.Ba2 Qc3 36.Rfe2 Rf6
37.Re8 Rfd6 38.R1e7+ Kh6 39.Bg8 Rd1+ 40.Kh2 f4  0-1

[Event "World Team Ch"]
[Site "Beer Sheva ISR"]
[Date "2005.11.03"]
[Round "3"]
[White "Bu Xiangzhi"]
[Black "Bruzon,L"]
[Result "1-0"]
[WhiteElo "2637"]
[BlackElo "2677"]

1.Nf3 d5 2.c4 e6 3.d4 Nf6 4.Nc3 Be7 5.Bf4 c5 6.dxc5 Na6 7.cxd5 Nxd5 8.Nxd5 exd5
9.e3 Nxc5 10.Bb5+ Bd7 11.Bxd7+ Qxd7 12.O-O O-O 13.Qe2 Rac8 14.Be5 a6 15.Bd4 Ne4
16.Ne5 Qf5 17.Rac1 Rxc1 18.Rxc1 Rc8 19.Rxc8+ Qxc8 20.Nd3 Bf6 21.Bxf6 Nxf6
22.Qd2 h6 23.f3 Qc4 24.b3 Qc7 25.Nf4 Qe5 26.h3 Qa1+ 27.Kf2 Qb1 28.Ne2 h5
29.h4 Qh1 30.Kg3 Qb1 31.Nd4 Nd7 32.Qc3 Nf8 33.Kh2 g6 34.a4 Qa2 35.Kg3 Qa3
36.Qc7 Qa1 37.Qe7 Qe1+ 38.Kf4 Qd2 39.Kg5 Qxg2+ 40.Kh6 Qb2 41.f4  1-0

[Event "Autumn Open"]
[Site "St Petersburg RUS"]
[Date "2005.11.05"]
[Round "8"]
[White "Shinkevich,V"]
[Black "Nikitinyh,B"]
[Result "1-0"]
[WhiteElo "2491"]
[BlackElo "2259"]

1.d4 Nf6 2.Nf3 e6 3.c4 d5 4.Nc3 Be7 5.Bf4 O-O 6.e3 Nbd7 7.c5 Nh5 8.Bd3 f5
9.O-O Nxf4 10.exf4 Nf6 11.Ne5 Nd7 12.Nf3 Nf6 13.b4 Ne4 14.Ne2 g5 15.Bc2 Bf6
16.fxg5 Nxg5 17.Nxg5 Bxg5 18.Kh1 Bd7 19.Ng1 Be8 20.f4 Bf6 21.Nf3 Bh5 22.Qe1 Qe7
23.Ne5 Kh8 24.a4 Rg8 25.Ra3 Raf8 26.Rg1 Rg7 27.Rh3 Qe8 28.b5 Rfg8 29.Bd3 Rd7
30.Be2 Bg4 31.Bxg4 fxg4 32.Re3 h5 33.Rf1 h4 34.f5 exf5 35.Rxf5 Bg5 36.Rxg5 Rxg5
37.Qxh4+  1-0

[Event "World Team Ch"]
[Site "Beer Sheva ISR"]
[Date "2005.11.09"]
[Round "8"]
[White "Arencibia,W"]
[Black "Goldin,A"]
[Result "1/2-1/2"]
[WhiteElo "2510"]
[BlackElo "2600"]

1.d4 d5 2.c4 e6 3.Nc3 Be7 4.Nf3 Nf6 5.Bf4 c5 6.dxc5 Na6 7.e3 Nxc5 8.cxd5 Nxd5
9.Bb5+ Bd7 10.Bxd7+ Qxd7 11.Nxd5 exd5 12.O-O O-O 13.Be5 a6 14.Bd4 Ne4 15.Qb3 b5
16.Rad1 Qe6 17.Be5 Rfd8 18.Bc7 Rdc8 19.Ba5 Rc4 20.Qd3 Ra4 21.Nd4 Qg6 22.Be1 Nc5
23.Nf5 Bf8 24.Qxd5 Re8 25.Bc3 Ne4 26.Rd4 Nxc3 27.bxc3 Qe6 28.Qxe6 fxe6 29.Rxa4 bxa4
30.Nd4 Kf7 31.Rb1 Rc8 32.Rb7+ Kf6 33.Rb6 Rxc3 34.Rxe6+ Kf7 35.g3 Bc5 36.Rxa6 Bxd4
37.exd4 Ra3 38.Kg2 Rxa2 39.Kf3 Ra1 40.h4 a3 41.Ke4 a2 42.Kd5 h5 43.f4 g6
44.Kd6 Rd1 45.Rxa2 Rxd4+ 46.Ke5 Rd7 47.f5 gxf5 48.Kxf5 Rd5+ 49.Ke4 Rb5 50.Ra4 Kf6
51.Ra6+ Kg7 52.Rd6 Rb4+ 53.Kf5 Rb5+  1/2-1/2

[Event "World Team Ch"]
[Site "Beer Sheva ISR"]
[Date "2005.11.10"]
[Round "9"]
[White "Arencibia,W"]
[Black "Asrian,K"]
[Result "1/2-1/2"]
[WhiteElo "2510"]
[BlackElo "2645"]

1.d4 d5 2.c4 e6 3.Nc3 Nf6 4.Nf3 Be7 5.Bf4 O-O 6.e3 Nbd7 7.c5 c6 8.Bd3 b6
9.b4 a5 10.a3 Ba6 11.O-O Qc8 12.h3 Qb7 13.Qc2 Bxd3 14.Qxd3 Ra7 15.Rfc1 axb4
16.axb4 Rfa8 17.Rab1 b5 18.Nd2 h6 19.Nb3 Bd8  1/2-1/2

[Event "WJun Girls"]
[Site "Instanbul TUR"]
[Date "2005.11.11"]
[Round "3"]
[White "Djukic,Sa"]
[Black "Reppen,E"]
[Result "1/2-1/2"]
[WhiteElo "2140"]
[BlackElo "1850"]

1.d4 d5 2.c4 e6 3.Nf3 Nf6 4.Nc3 Be7 5.Bf4 c6 6.e3 O-O 7.h3 Qa5 8.Nd2 Bb4
9.Qc2 Nbd7 10.Bd3 dxc4 11.Nxc4 Qd8 12.O-O b5 13.Ne5 Bb7 14.Bg5 h6 15.Bxf6 Nxf6
16.Ne4 Nxe4 17.Bxe4 Rc8 18.Rac1 Qd6 19.a3 Ba5 20.Qc5 Qxc5 21.Rxc5 Bb6 22.Rc2 Rc7
23.Nxc6 Bxc6 24.Rxc6 Rfc8 25.Rfc1 Rxc6 26.Rxc6 Rxc6 27.Bxc6 a6 28.Kf1 Kf8
29.Ke2 Ke7 30.Kd3 Kd6 31.Be8 Ke7 32.Bc6 Kd6 33.Bf3 g6 34.Ba8 Kc7 35.g4 Kd6
36.Ke4 Ba5 37.Bb7 Kc7 38.Bxa6 Kb6 39.Bc8 Be1 40.d5 exd5+ 41.Kxd5 Kc7 42.Ba6 Kb6
43.Bc8 Kc7 44.Ba6 Kb6  1/2-1/2

[Event "FSIMB November"]
[Site "Budapest HUN"]
[Date "2005.11.14"]
[Round "10"]
[White "Werner,Di"]
[Black "Porat,Dav"]
[Result "1-0"]
[WhiteElo "2376"]
[BlackElo "2199"]

1.d4 d5 2.c4 e6 3.Nf3 Nf6 4.Nc3 Be7 5.Bf4 O-O 6.e3 c5 7.dxc5 Bxc5 8.Qc2 Nc6
9.Rd1 Qa5 10.Be2 Be7 11.a3 dxc4 12.Bxc4 e5 13.Bg3 Bg4 14.O-O Rac8 15.Nd5 Nxd5
16.Rxd5 Qc7 17.Qe4 Be6 18.Rd2 Bxc4 19.Qxc4 Bf6 20.Rfd1 Rfd8 21.h3 g6 22.Bh4 Rxd2
23.Rxd2 Qe7 24.Bxf6 Qxf6 25.Rd7 Rd8 26.Rc7 Na5 27.Qe4 Rd1+ 28.Kh2 Nc6 29.Rxb7 Qd6
30.Ng5 Nd8 31.Rxa7 Rd5 32.Qh4 e4+ 33.g3 Qf6 34.Qxh7+ Kf8 35.Nxe4 Qxb2 36.Qh6+ Kg8
37.Ra8 Qe5 38.Qh4 Kg7 39.Rxd8  1-0

[Event "55th ch-GRE"]
[Site "Kalamata GRE"]
[Date "2005.11.18"]
[Round "3"]
[White "Nikolaidis,I"]
[Black "Halkias,S"]
[Result "1/2-1/2"]
[WhiteElo "2521"]
[BlackElo "2540"]

1.d4 d5 2.c4 e6 3.Nf3 Nf6 4.Nc3 Be7 5.Bf4 O-O 6.e3 Nbd7 7.Bd3 c5 8.cxd5 Nxd5
9.Nxd5 exd5 10.Qc2 Qa5+ 11.Nd2 g6  1/2-1/2

[Event "TCh-AUT 2005-6"]
[Site "Austria AUT"]
[Date "2005.11.19"]
[Round "2"]
[White "Ftacnik,L"]
[Black "Dobosz,H"]
[Result "1-0"]
[WhiteElo "2612"]
[BlackElo "2433"]

1.Nf3 Nf6 2.c4 e6 3.Nc3 d5 4.d4 Be7 5.Bf4 O-O 6.e3 c5 7.dxc5 Bxc5 8.cxd5 Nxd5
9.Nxd5 exd5 10.a3 Nc6 11.Bd3 Bb6 12.O-O Qf6 13.b4 Bf5 14.b5 Nd4 15.Bxf5 Nxf3+
16.Qxf3 Qxf5 17.Rfd1 Rfd8 18.a4 Ba5 19.Ra3 Rac8 20.Rad3 Rc1 21.Rxc1 Qxd3
22.Be5 Bb6 23.Qg4 Qg6 24.h3 Qxg4 25.hxg4 f6 26.Bd4 Bxd4 27.exd4 Rd7 28.a5 Kf7
29.Rc8 Ke7 30.Ra8 a6 31.bxa6 bxa6 32.Rxa6 Rd6 33.Ra8 Rd8 34.Rxd8 Kxd8 35.g5 fxg5
36.Kh2 Kc7 37.Kg3 g6 38.f4 gxf4+ 39.Kxf4 Kc6 40.Ke5 h5 41.Kf6 Kb5 42.Kxg6 h4
43.Kg5  1-0

[Event "18th Belgrade Trophy"]
[Site "Obrenovac SCG"]
[Date "2005.11.23"]
[Round "2"]
[White "Jakovljevic,Zi"]
[Black "Borbas,P"]
[Result "1-0"]
[WhiteElo "2168"]
[BlackElo "1967"]

1.d4 Nf6 2.c4 e6 3.Nc3 d5 4.Nf3 Be7 5.Bf4 c6 6.e3 Nbd7 7.c5 Nh5 8.Bd3 Nxf4
9.exf4 O-O 10.O-O h6 11.Qe2 Qc7 12.g3 Re8 13.Ne5 Nf8 14.Qh5 Bf6 15.Ne2 Qd8
16.Qxf7+ Kh8 17.Ng6+ Nxg6 18.Qxg6 Kg8 19.Qh7+ Kf8 20.Bg6 Ke7 21.Bxe8 Qxe8
22.Kg2 Qf8 23.Qg6 Kd8 24.b4 Bd7 25.Qd3 Qf7 26.Ng1 a6 27.Nf3 g5 28.Ne5 Bxe5
29.fxe5 Kc7 30.a4 Rf8 31.h3 h5 32.f4 Qg7 33.fxg5 Rxf1 34.Rxf1 Qxg5 35.h4 Qg8
36.Rf6 Be8 37.Kh2 Kd7 38.b5 axb5 39.axb5 Ke7 40.bxc6 bxc6 41.Rh6 Qg4 42.Kg2 Kd8
43.Rf6 Kd7 44.Rf4 Qg8 45.Qb1 Ke7 46.Qb8 Kd7 47.Rf2 Qg4 48.Qd6+ Kc8 49.Rb2 Qe4+
50.Kh2  1-0

[Event "18th Belgrade Trophy"]
[Site "Obrenovac SCG"]
[Date "2005.11.24"]
[Round "3"]
[White "Cvetkovic,Sr"]
[Black "Ristic,Neb2"]
[Result "1-0"]
[WhiteElo "2408"]
[BlackElo "2192"]

1.c4 e6 2.Nf3 Nf6 3.Nc3 d5 4.d4 Be7 5.Bf4 O-O 6.e3 c5 7.dxc5 Bxc5 8.a3 Nc6
9.cxd5 exd5 10.Be2 Bb6 11.O-O d4 12.exd4 Nxd4 13.Nxd4 Qxd4 14.Qxd4 Bxd4 15.Nb5 Bb6
16.Bf3 Bg4 17.Bxb7 Be2 18.Bxa8 Rxa8 19.Nc3 Bxf1 20.Kxf1 Rc8 21.Rd1 h6 22.Nd5 Nxd5
23.Rxd5 Rc2 24.Rd2 Rc1+ 25.Ke2 Rg1 26.g3 Rg2 27.Be3 Rxh2 28.Bxb6 axb6 29.Rd8+ Kh7
30.Rb8 h5 31.Rxb6 Rh1 32.Rb5 Kh6 33.a4 g5 34.Kf3 Ra1 35.a5 f6 36.b4 Kg6 37.Rb6 Ra3+
38.Kg2 Kf5 39.a6 Ke5 40.b5 h4 41.gxh4 gxh4 42.Rb7 h3+ 43.Kh2 Kd5 44.a7 Ra2
45.Kxh3  1-0

[Event "18th Belgrade Trophy"]
[Site "Obrenovac SCG"]
[Date "2005.11.25"]
[Round "4"]
[White "Antic,De"]
[Black "Jakovljevic,Vlado"]
[Result "0-1"]
[WhiteElo "2519"]
[BlackElo "2385"]

1.d4 Nf6 2.c4 e6 3.Nf3 d5 4.Nc3 Be7 5.Bf4 O-O 6.e3 c5 7.dxc5 Nc6 8.a3 Bxc5
9.cxd5 exd5 10.Be2 Be6 11.O-O h6 12.Rc1 Rc8 13.Nb5 Ne4 14.Nfd4 Qb6 15.Nxe6 fxe6
16.b4 Be7 17.Bg4 Qxb5 18.Bxe6+ Kh8 19.Bxc8 Rxc8 20.Qg4 Rf8 21.f3 Nf6 22.Qe6 Re8
23.Qf5 a6 24.Rcd1 Bd8 25.Rfe1 Ne7 26.Qc2 Qc6 27.Qb1 Qe6 28.g4 Bb6 29.Kg2 Nxg4
30.fxg4 Qxg4+ 31.Bg3 Nf5 32.Rf1 Nxe3+ 33.Kh1 Qe2  0-1

[Event "18th Belgrade Trophy"]
[Site "Obrenovac SCG"]
[Date "2005.11.26"]
[Round "5"]
[White "Roeder,M"]
[Black "Toth,Al"]
[Result "1/2-1/2"]
[WhiteElo "2415"]
[BlackElo "2295"]

1.Nf3 d5 2.c4 e6 3.d4 Nf6 4.Nc3 Be7 5.Bf4 O-O 6.e3 c5 7.dxc5 Bxc5 8.cxd5 Nxd5
9.Nxd5 exd5 10.a3 Nc6 11.Bd3 Bb6 12.O-O d4 13.Qc2  1/2-1/2

[Event "WCC"]
[Site "Khanty Mansyisk RUS"]
[Date "2005.11.27"]
[Round "1.1"]
[White "Kempinski,R"]
[Black "Vaganian,R"]
[Result "1/2-1/2"]
[WhiteElo "2619"]
[BlackElo "2614"]

1.d4 d5 2.c4 e6 3.Nc3 Be7 4.Nf3 Nf6 5.Bf4 O-O 6.e3 Nbd7 7.cxd5 Nxd5 8.Nxd5 exd5
9.Bd3 c5 10.O-O c4 11.Bc2 b5 12.e4 Nf6 13.e5 Ne4 14.Qe2 Bb7 15.Rad1 a5 16.Nd2 Nxd2
17.Bxd2 Qb6 18.Rfe1  1/2-1/2

[Event "FSGMB December"]
[Site "Budapest HUN"]
[Date "2005.12.07"]
[Round "5"]
[White "Slavina,I"]
[Black "Schroll,G"]
[Result "1/2-1/2"]
[WhiteElo "2385"]
[BlackElo "2362"]

1.d4 d5 2.c4 e6 3.Nc3 Nf6 4.Nf3 Be7 5.Bf4 O-O 6.e3 c5 7.dxc5 Bxc5 8.cxd5 Nxd5
9.Nxd5 exd5 10.a3 Nc6 11.Bd3 Bb6 12.O-O Bg4 13.h3 Bh5 14.b4 Re8 15.Rc1 a6
16.Bxa6 Rxa6 17.b5 Rxa3 18.bxc6 bxc6 19.Rxc6 Ba7 20.Rd6 Qe7 21.Rxd5 Bxf3
22.Qxf3 Bb8 23.Rfd1 Bxf4 24.Qxf4 Ra7 25.Re5 Qf8 26.Rxe8 Qxe8 27.h4 h6 28.h5 Ra8
29.Qd4 Qe6 30.Qd5 Qxd5 31.Rxd5 Ra6 32.g4 g6 33.Kg2 Kg7 34.Kg3 g5 35.f4 gxf4+
36.Kxf4 Rf6+ 37.Rf5 Ra6 38.e4 Re6 39.Ke3 Ra6 40.Rf2 Ra3+ 41.Kf4 Ra6 42.Re2 Re6
43.e5 f6 44.Kf5 Kf7 45.Re4 fxe5 46.Rxe5 Rxe5+ 47.Kxe5 Ke7 48.Kd5 Kf7 49.Kd4 Kf6
50.Ke4 Ke6 51.Kd3 Ke7 52.Kd4 Kf6  1/2-1/2

[Event "Bundesliga 2005-6"]
[Site "Katernberg GER"]
[Date "2005.12.10"]
[Round "5"]
[White "Levin,F"]
[Black "Beckhuis,G"]
[Result "1-0"]
[WhiteElo "2506"]
[BlackElo "2328"]

1.d4 Nf6 2.c4 e6 3.Nf3 d5 4.Nc3 Be7 5.Bf4 O-O 6.e3 b6 7.cxd5 Nxd5 8.Nxd5 Qxd5
9.Bd3 Qa5+ 10.Kf1 Ba6 11.Bxc7 Bxd3+ 12.Qxd3 Na6 13.Bg3 Rac8 14.h3 Nb4 15.Qb3 Rc2
16.Kg1 Rfc8 17.Kh2 Qb5 18.a3 Qd5 19.Qxd5 Nxd5 20.Rhb1 Nf6 21.Ne1 R2c6 22.Rd1 h5
23.f3 Nd5 24.Bf2 f5 25.Kg1 Bg5 26.Rd3 Kf7 27.Kf1 Bf6 28.g3 Be7 29.Rd2 Nf6
30.h4 Bd6 31.Nd3 Ke7 32.Re1 Rc2 33.Ke2 Bb8 34.Kd1 Rxd2+ 35.Kxd2 Kd6 36.e4 fxe4
37.fxe4 Kd7 38.e5 Nd5 39.g4 hxg4 40.Rg1 Rh8 41.Rxg4 Rh7 42.Nf4 Ne7 43.Kd3 Bc7
44.Ke4 Bd8 45.h5 Bc7 46.Bh4 Nf5 47.Nxe6 Kxe6 48.d5+ Kf7 49.Kxf5 Rxh5+ 50.Bg5 g6+
51.Ke4 Bb8 52.d6 Rh1 53.d7 Re1+ 54.Kf3 Bc7 55.Rc4  1-0

[Event "Bundesliga 2005-6"]
[Site "Katernberg GER"]
[Date "2005.12.10"]
[Round "5"]
[White "Doettling,F"]
[Black "Senff,M"]
[Result "1/2-1/2"]
[WhiteElo "2542"]
[BlackElo "2469"]

1.d4 Nf6 2.Nf3 d5 3.c4 e6 4.Nc3 Be7 5.Bf4 O-O 6.e3 Nbd7 7.a3 c5 8.cxd5 Nxd5
9.Nxd5 exd5 10.dxc5 Nxc5 11.Be5 Bf6 12.Bxf6 Qxf6 13.Qd4 Qd6 14.Bd3 Rd8 15.Bc2 Ne6
16.Qh4 h6 17.O-O b6 18.Rfd1 Bb7 19.Rd2 Rac8 20.Rad1 Kf8 21.h3 Qe7 22.Qxe7+ Kxe7
23.Bb3 Rc5 24.Ne1 a5 25.Nd3 Rc7 26.Nc1 Nc5 27.Bc2 Ba6 28.Rxd5 Rxd5 29.Rxd5 Nd3
30.Bxd3 Rxc1+ 31.Kh2 Bxd3 32.Rxd3 Rc2 33.Rb3 Rxf2 34.Rxb6 Re2 35.Rb5 Ke6
36.a4 g5 37.Rxa5 Rxb2 38.Ra6+ Kf5 39.Rxh6 Ra2 40.Ra6 Ra3 41.Ra5+ Kg6 42.e4 f6
43.Ra6 Re3 44.Re6 Kf7 45.Rb6 Rxe4 46.a5 Ra4 47.a6 Kg6 48.Kg3 Ra3+ 49.Kf2 Kf5
50.Ke2 Ke5 51.g4 f5 52.gxf5 Kxf5 53.Rh6 g4 54.hxg4+ Kxg4 55.Kd2 Kg5 56.Rb6 Kf5
57.Kc2 Ke5 58.Kb2 Ra5 59.Rh6 Kd4 60.Kb3 Ra1 61.Kb2 Ra5 62.Rh4+ Kd3 63.Rh3+ Kc4
64.Ra3 Rb5+ 65.Kc2 Rb8 66.Rc3+ Kd5 67.a7 Ra8 68.Rc7 Kd6 69.Rh7 Kc6 70.Kc3 Kb6
71.Kb4 Rxa7 72.Rxa7 Kxa7  1/2-1/2